01987nam a2200361 a 4500001001200000003000800012006001900020007001500039008004100054010001700095020003600112020002700148040002100175035002100196050002300217082001400240100004500254245016900299260003600468300002300504504005100527520061000578533015201188650001501340650002301355650001901378650001701397655002901414700002001443710001701463856012601480999001901606ebr10513979CaPaEBRm u cr cn|||||||||110328s2011 njua sb 001 0 eng d z 2011013565 z9780470542590 (acid-free paper) z9781118084663 (e-book) aCaPaEBRcCaPaEBR a(OCoLC)75197037114aTA545b.E87 2011eb04a526.92231 aEstopinal, Stephen V.q(Stephen Vincent)10aProfessional surveyors and real property descriptionsh[electronic resource] :bcomposition, construction, and comprehension /cStephen V. Estopinal, Wendy Lathrop. aHoboken, N.J. :bWiley,cc2011. axi, 266 p. :bill. aIncludes bibliographical references and index. a"Land boundaries are the physical, technical, and legal entities that define the extent and limits of a particular parcel of land, whether a small acreage of private property or the delineation between sovereign nations. This book is intended to be a tutorial on writing land descriptions for surveyors, allowing readers to be able to construct complete and modern land descriptions. Providing not only information on how to write new descriptions, this book also covers the history of how historic descriptions were written, enabling the reader to properly interpret them today"--cProvided by publisher. aElectronic reproduction.bPalo Alto, Calif. :cebrary,d2012.nAvailable via World Wide Web.nAccess may be limited to ebrary affiliated libraries. 0aSurveying. 0aSurveysxPlotting. 0aReal property. 0aMap reading. 7aElectronic books.2local1 aLathrop, Wendy.2 aebrary, Inc.40uhttp://site.ebrary.com/lib/rucke/Doc?id=10513979zAn electronic book accessible through the World Wide Web; click to view c118389d118389